000 00579nam a2200229Ia 4500
003 OSt
005 20221005073001.0
006 a|||||r|||| 00| 0
007 ta
008 221004b |||||||| |||| 00| 0 eng d
020 _a8185623228
024 _a45149
037 _cTextual
040 _aCRL
_cCRL
_beng
041 _2eng
_aeng
100 _aLafore Robert
245 0 _aObject-oriented programming in Turbo C++
260 _aNew Delhi
_bGalgotia Publications
_c2002
300 _a739p.
_ccm.
942 _cTEXL
_2cc
999 _c980363
_d980363